Digital Signal Processing (Record no. 189267)
[ view plain ]
| 000 -LEADER | |
|---|---|
| fixed length control field | 00723 a2200181 4500 |
| 003 - CONTROL NUMBER IDENTIFIER | |
| control field | Nust |
| 005 - DATE AND TIME OF LATEST TRANSACTION | |
| control field | 20170207153600.0 |
| 020 ## - INTERNATIONAL STANDARD BOOK NUMBER | |
| International Standard Book Number | 9789350141717 |
| 040 ## - CATALOGING SOURCE | |
| Transcribing agency | Nust |
| 082 ## - DEWEY DECIMAL CLASSIFICATION NUMBER | |
| Classification number | 621.38043 |
| 100 ## - MAIN ENTRY--PERSONAL NAME | |
| Personal name | Sharma,Sanjay.Dr |
| 245 ## - TITLE STATEMENT | |
| Title | Digital Signal Processing |
| Statement of responsibility, etc. | Dr.Sanjay Sharma |
| 260 ## - PUBLICATION, DISTRIBUTION, ETC. | |
| Place of publication, distribution, etc. | New Delhi |
| Name of publisher, distributor, etc. | S.K.Kataria & Sons |
| Date of publication, distribution, etc. | July,2011 |
| 300 ## - PHYSICAL DESCRIPTION | |
| Extent | 489 p |
| 505 ## - FORMATTED CONTENTS NOTE | |
| Formatted contents note | Introduction to digital signal processing (Page 3-93) Discrete-time systems (Page 95-156) Sampling of time signals (Page 157-224) The z-Transform (page 225-283) Finite impulse response filter design (Page 285-446) Multirate digital signal processing (|MDSP) (page 447-483) |
| 538 ## - SYSTEM DETAILS NOTE | |
| System details note | Almirah No.45 Shelf No.3 |
| 650 ## - SUBJECT ADDED ENTRY--TOPICAL TERM | |
| Topical term or geographic name entry element | Telecommunication Engineering |
| 942 ## - ADDED ENTRY ELEMENTS (KOHA) | |
| Source of classification or shelving scheme | |
| Koha item type | Book |
| Withdrawn status | Lost status | Source of classification or shelving scheme | Damaged status | Not for loan | Collection code | Permanent Location | Current Location | Date acquired | Total Checkouts | Full call number | Barcode | Date last seen | Price effective from | Koha item type |
|---|---|---|---|---|---|---|---|---|---|---|---|---|---|---|
| Military College of Signals (MCS) | Military College of Signals (MCS) | 12/12/2016 | 621.38043 SHA | MCS35039 | 12/08/2016 | 12/12/2016 | Book |
